000 01458nam0a2200349 4500
001 RU\NLR\bibl\538569
005 20250609153112.0
020 _aRU
_b04-00837
_9Летопись авторефератов диссертаций
021 _aRU
_b2003-21460а
_9859а
035 _a(NLR Aleph) 000530826
090 _a1351975
_c1351975
100 _a20040609d2003 |||y0rusy50 ca
101 0 _arus
102 _aRU
105 _aa dm |||||
200 1 _aРентгеновская спектроскопия Солнца
_eДис. на соиск. учен. степ. д.ф.-м.н. в форме науч. докл.
_eСпец. 01.04.05
_fЖитник Игорь Александрович
_gРос. акад. наук, Физ. ин-т им. П. Н. Лебедева
210 _aМ.
_d2003
215 _a67 с.
_cил.
_d20
320 _aБиблиогр.: с. 56-67 (104 назв.)
675 _a535
_v3
_zrus
686 _a29.31
_2rugasnti
686 _a22.34
_2rubbk
686 _a01.04.05
_2oksvnk
700 1 _aЖитник
_bИ. А.
_gИгорь Александрович
801 0 _aRU
_bRKP
_c20040609
_gPSBO
801 1 _aRU
_bRKP
_c20040609
801 2 _aRU
_bNLR
_c20041003
_grcr
942 _cBOOK
980 _aNB
981 1 0 _a(10) Авторефераты
_b(10) 01.00.00 Физико-математические науки
_b01.04.00 Физика
_b01.04.05 Оптика